Statistics for Be- Vocabulary Words Quiz

Click here to take the quiz!

General Stats

  • This quiz has been taken 41,039 times
    (11,010 since last reset)
  • The average score is 13 of 20

Answer Stats

DefinitionWord% Correct
Have faith inBelieve
97%
DecapitateBehead
96%
StartBegin
96%
Antonym of afterBefore
95%
To become a pal ofBefriend
93%
One's posteriorBehind
82%
To cast a spell uponBewitch
78%
Not on time, as in a birthday celebrationBelated
77%
To be disloyalBetray
70%
EngagedBetrothed
61%
To decorate with precious stonesBejewel
55%
To surround with armed forcesBesiege
54%
To give an inheritance toBequeath
53%
Fathered, in the biblical way of speakingBegat
45%
To scold vehementlyBerate
45%
In a state of grief after losing a loved oneBereaved
40%
Custom tailoredBespoke
38%
To hold the other end of a climber's ropeBelay
35%
To implore; begBeseech
34%
To pollute; to contaminateBefoul
21%

Score Distribution

Percentile by Number Answered

Percent of People with Each Score

Your Score History

You have not taken this quiz since the last reset